LEADER 01131nam0 22002651i 450 001 UON00224995 005 20231205103432.705 100 $a20030730d1970 |0itac50 ba 101 $aspa 102 $aES 105 $a|||| ||||| 200 1 $aLiteratura argentina$fA. Berenguer Carisomo 210 $aBarcelona$cLabor. 1970. 191 p. ; 20 cm. 410 1$1001UON00175902$12001 $aNueva colección Labor$1210 $aBarcelona$cLabor$v115 606 $aLetteratura argentina$xStudi$3UONC048240$2FI 620 $aES$dBarcelona$3UONL003004 676 $aAr860$cLetteratura argentina$v21 700 1$aBERENGUER CARISOMO$bArturo$3UONV132882$0192883 712 $aLabor$3UONV249823$4650 801 $aIT$bSOL$c20251024$gRICA 912 $aUON00224995 950 $aSIBA - SISTEMA BIBLIOTECARIO DI ATENEO$dSI Ar 860 c 017 $eSI SP 6014 5 017 $sBuono 950 $aSIBA - SISTEMA BIBLIOTECARIO DI ATENEO$dSI Ar 860 c 017 bis $eSI SP 6409 7 017 bis 996 $aLiteratura argentina$9183527 997 $aUNIOR